Mobilné zariadenia a ich využitie pri navigácii používateľa v knižnici

Salvato in:
Dettagli Bibliografici
Autore principale: Račko, Lukáš (Autore)
Altri autori: Andrejčíková, Nadežda (Relatore della tesi)
Natura: Manoscritto Libro
Lingua:slovacco
Pubblicazione: 2016
Soggetti:
Accesso online:http://is.stuba.sk/zp/portal_zp.pl?podrobnosti=106619
Tags: Aggiungi Tag
Nessun Tag, puoi essere il primo ad aggiungerne!!

MARC

LEADER 00000ntm a22000003a 4500
001 stuzp59184
003 SK-STU
005 20160719155804.6
007 ta
008 150427s2015----xo-----f-mn---000-0-slo-d
040 |a STU  |b slo 
041 0 |a slo 
100 1 |a Račko, Lukáš  |u 070200  |4 aut  |U FIIT Fakulta informatiky a informačných technológií  |T FIIT Ústav informatiky, informačných systémov a softvérového inžinierstva  |X 72328  |U I200  |Y 179  |7 72328 
242 0 1 |a Mobile devices and their usability for indoor navigation in libraries  |y eng 
245 1 0 |a Mobilné zariadenia a ich využitie pri navigácii používateľa v knižnici 
260 |c 2016 
650 4 |a navigácia  |2 slo 
650 4 |a lokalizácia  |2 slo 
650 4 |a knižnica  |2 slo 
650 4 |a library  |2 eng 
650 4 |a localization  |2 eng 
650 4 |a navigation  |2 eng 
700 1 |a Andrejčíková, Nadežda  |u 070200  |k Z8  |4 ths  |U FIIT Fakulta informatiky a informačných technológií  |T FIIT Ústav informatiky, informačných systémov a softvérového inžinierstva  |X 38835  |U I200  |Y 179  |7 A000038835 
856 4 |u http://is.stuba.sk/zp/portal_zp.pl?podrobnosti=106619 
996 |b 284ID00196  |c I*BAP 49/2016  |l II680  |s P  |a 0  |w stuzp59184_0001 
SQL |a stuzp59184  |b DBP  |c SLO  |d Mobilné zariadenia a ich využitie pri navigácii používateľa v knižnici  |e 72328  |f Račko, Lukáš  |g 070200  |h 38835  |i Andrejčíková, Nadežda  |j 20160622  |k 202  |l 07  |m http://is.stuba.sk/zp/portal_zp.pl?podrobnosti=106619  |n B-INFO  |o 9.2.1. informatika